La OEA y la cultura: (Record no. 51505)

MARC details
000 -LEADER
fixed length control field 00835cam a22002411a 4500
001 - CONTROL NUMBER
control field pa 63000007
003 - CONTROL NUMBER IDENTIFIER
control field DLC
005 - DATE AND TIME OF LATEST TRANSACTION
control field 20260227111856.0
008 - FIXED-LENGTH DATA ELEMENTS--GENERAL INFORMATION
fixed length control field 781208s1962 dcua 000 0 spa c
010 ## - LIBRARY OF CONGRESS CONTROL NUMBER
LC control number pa 63000007
035 ## - SYSTEM CONTROL NUMBER
System control number (OCoLC)4433092
040 ## - CATALOGING SOURCE
Original cataloging agency Pan American Union. Library
Transcribing agency MChB
Modifying agency IEN
-- DLC
042 ## - AUTHENTICATION CODE
Authentication code premarc
043 ## - GEOGRAPHIC AREA CODE
Geographic area code n-us---
-- cl-----
050 00 - LIBRARY OF CONGRESS CALL NUMBER
Classification number F1403.3
Item number .C8
110 2# - MAIN ENTRY--CORPORATE NAME
Corporate name or jurisdiction name as entry element Organization of American States.
Subordinate unit Department of Cultural Affairs.
245 13 - TITLE STATEMENT
Title La OEA y la cultura:
Remainder of title el Departamento de Asuntos Culturales.
260 ## - PUBLICATION, DISTRIBUTION, ETC.
Place of publication, distribution, etc. Washington, D.C. :
Name of publisher, distributor, etc. Unión Panamericana,
Date of publication, distribution, etc. 1962.
300 ## - PHYSICAL DESCRIPTION
Extent 48 p. :
Other physical details ill. ;
Dimensions 22 cm.
610 20 - SUBJECT ADDED ENTRY--CORPORATE NAME
Corporate name or jurisdiction name as entry element Organization of American States.
Subordinate unit Department of Cultural Affairs.
710 2# - ADDED ENTRY--CORPORATE NAME
Corporate name or jurisdiction name as entry element Pan American Union.
740 0# - ADDED ENTRY--UNCONTROLLED RELATED/ANALYTICAL TITLE
Uncontrolled related/analytical title Organización de los Estados Americanos y la cultura.

No items available.

Powered by Koha